| 000 | 01060nam a2200265 u 4500 | ||
|---|---|---|---|
| 001 | 000003284 | ||
| 003 | DO-SdBNP | ||
| 005 | 20251118113258.0 | ||
| 008 | 090707s1992 dr a r 000 0 spa d | ||
| 040 |
_aDO-SdBNP _bspa _cBNPHU |
||
| 082 |
_a332.097293 _bR426d |
||
| 245 | 0 | 0 |
_aRepública Dominicana : _bmanejo macroeconomico y reforma financiera / _ceditor Claudio González Vega. |
| 260 |
_aSanto Domingo : _bPrograma Servicios Financieros Rurales, _c1992. |
||
| 300 |
_axvii, 323p. ; _c23 cm. |
||
| 504 | _aIncluye referencias bibliográficas y notas al pie de las páginas | ||
| 590 | _aInventariado, 2018/MFF | ||
| 650 | 4 |
_aReforma financiera _xPolítica financiera _910337 |
|
| 650 | 0 |
_aBancos centrales _zRepública Dominicana _954908 |
|
| 650 | 4 |
_aPolítica monetaria _zRepública Dominicana _95998 |
|
| 651 | 4 |
_aRepública Dominicana _xPolítica económica _9643 |
|
| 651 | 4 |
_aRepública Dominicana _xCondiciones económicas _9281 |
|
| 700 | 1 | 2 |
_aGonzález Claudio, Vega, _eed. _910339 |
| 910 | _aValidado. Control de calidad MFF | ||
| 942 |
_2ddc _cLBS1 |
||
| 999 |
_c3115 _d3115 |
||